[Event "23rd EUR-ch"]
[Site "Vrnjacka Banja SRB"]
[Date "2023.03.12"]
[Round "10.112"]
[White "Palczert, Matyas"]
[Black "Alonso Garcia, Aaron"]
[Result "0-1"]
[WhiteElo "2304"]
[BlackElo "2437"]
[EventDate "2023.03.03"]
[PlyCount "38"]

1.e4 g6 2.d4 Bg7 3.Nf3 d6 4.Be2 Nf6 5.Nc3 O-O 6.O-O a6 7.a4 Nc6 8.d5 Nb4 
9.a5 e6 10.Bc4 c5 11.dxc6 Nxc6 12.Be3 d5 13.exd5 exd5 14.Bb6 Qe7 15.Re1 
Be6 16.Bf1 Qd7 17.Nd4 Rfe8 18.h3 Nxd4 19.Bxd4 Rac8 0-1

[Event "23rd EUR-ch"]
[Site "Vrnjacka Banja SRB"]
[Date "2023.03.12"]
[Round "10.113"]
[White "Shohat, Yotam"]
[Black "Badelka, Olga"]
[Result "0-1"]
[WhiteElo "2302"]
[BlackElo "2428"]
[EventDate "2023.03.03"]
[PlyCount "68"]

1.e4 e5 2.Nf3 Nc6 3.g3 Nf6 4.d3 d6 5.Bg2 Bg4 6.h3 Be6 7.Nc3 h6 8.d4 exd4 
9.Nxd4 Nxd4 10.Qxd4 Be7 11.Be3 Nd7 12.O-O-O Bf6 13.Qd2 Ne5 14.b3 Nc6 15.
Kb1 O-O 16.f4 a5 17.a4 Nb4 18.Nb5 Qc8 19.g4 Ra6 20.Qe2 Bd7 21.Bf3 Bxb5 22.
axb5 Ra8 23.Qd2 c5 24.Qxd6 a4 25.e5 axb3 26.cxb3 Ra1+ 27.Kb2 Ra2+ 28.Kb1 
Qa8 29.Bxc5 Rc8 30.exf6 Qa3 31.Qd8+ Rxd8 32.Rxd8+ Kh7 33.Be4+ g6 34.Bxg6+ 
Kxg6 0-1

[Event "23rd EUR-ch"]
[Site "Vrnjacka Banja SRB"]
[Date "2023.03.12"]
[Round "10.114"]
[White "Gunduz, Umut Erdem"]
[Black "Fataliyeva, Ulviyya"]
[Result "1-0"]
[WhiteElo "2286"]
[BlackElo "2427"]
[EventDate "2023.03.03"]
[PlyCount "44"]

1.e4 e6 2.d4 d5 3.Nc3 Bb4 4.exd5 exd5 5.Bd3 Nc6 6.Be3 Nge7 7.Qf3 Be6 8.Ne2
Qd7 9.h3 Bf5 10.O-O-O O-O-O 11.a3 Bxc3 12.Nxc3 Bxd3 13.Rxd3 Qf5 14.Qg3 Qg6
15.Qf3 Rd6 16.g4 Na5 17.h4 h5 18.Rg1 Nc4 19.Bg5 f6 20.gxh5 Rxh5 21.Ne2 Qe8
22.Bf4 Re6 1-0

[Event "23rd EUR-ch"]
[Site "Vrnjacka Banja SRB"]
[Date "2023.03.12"]
[Round "10.115"]
[White "Celik, Hasan Huseyin"]
[Black "Krasteva, Beloslava"]
[Result "1-0"]
[WhiteElo "2420"]
[BlackElo "2292"]
[EventDate "2023.03.03"]
[PlyCount "119"]

1.e4 e5 2.Nf3 Nc6 3.Bb5 a6 4.Bxc6 dxc6 5.O-O Bd6 6.d4 Qe7 7.dxe5 Bxe5 8.
Nxe5 Qxe5 9.Nc3 Bd7 10.Qf3 Nf6 11.Qf4 Qxf4 12.Bxf4 Rc8 13.Rad1 Be6 14.Be5 
Nd7 15.Bf4 O-O 16.Rd2 Nb6 17.b3 f5 18.Be3 Nd7 19.Ne2 fxe4 20.Nd4 Bd5 21.c4
c5 22.cxd5 cxd4 23.Rxd4 Nf6 24.Rfd1 Rcd8 25.d6 Rxd6 26.Rxd6 cxd6 27.Rxd6 
Rf7 28.Bd4 Rc7 29.Kf1 Kf7 30.Bxf6 gxf6 31.a4 Rc1+ 32.Ke2 Rc2+ 33.Ke3 Rc3+ 
34.Kxe4 Rxb3 35.Kf5 Rb4 36.Rxf6+ Kg7 37.Rd6 Rxa4 38.Rd7+ Kh6 39.g4 Ra5+ 
40.Kf6 Rb5 41.f4 Rb6+ 42.Kf7 Rg6 43.g5+ Kh5 44.f5 Rxg5 45.f6 Kh6 46.Kf8 
Rc5 47.Rd8 Rc2 48.h4 Kh5 49.f7 Kxh4 50.Kg7 Rf2 51.f8=Q Rxf8 52.Rxf8 h5 53.
Kf6 Kg4 54.Ke5 h4 55.Ke4 Kg3 56.Ke3 b5 57.Rg8+ Kh2 58.Kf2 b4 59.Rg4 h3 60.
Rxb4 1-0

[Event "23rd EUR-ch"]
[Site "Vrnjacka Banja SRB"]
[Date "2023.03.12"]
[Round "10.116"]
[White "Milikow, Yoav"]
[Black "Martic, Ivan"]
[Result "0-1"]
[WhiteElo "2416"]
[BlackElo "2274"]
[EventDate "2023.03.03"]
[PlyCount "92"]

1.d4 Nf6 2.c4 g6 3.g3 Bg7 4.Bg2 O-O 5.Nc3 d6 6.Nf3 Nbd7 7.O-O e5 8.e4 exd4
9.Nxd4 a6 10.Rb1 Rb8 11.b3 Re8 12.a4 Nc5 13.f3 Bd7 14.Be3 h5 15.b4 Ne6 16.
Nde2 Nf8 17.Qd3 N6h7 18.h4 Nf6 19.Rfd1 Ne6 20.c5 Bf8 21.cxd6 cxd6 22.a5 
Rc8 23.Bb6 Qe7 24.f4 Bc6 25.Re1 Ng4 26.Rbd1 Nc7 27.Nd4 d5 28.Bc5 dxe4 29.
Nxe4 Bxe4 30.Bxe4 Qd7 31.Qf1 Bxc5 32.bxc5 Rxe4 33.Rxe4 Qd5 34.Qg2 Rd8 35.
Qc2 Nb5 36.Rd2 Na3 37.Qd3 Qxc5 38.f5 gxf5 39.Rf4 Nb5 40.Kg2 Rd5 41.Kh3 Qc1
42.Kg2 Qc5 43.Rc2 Rxd4 44.Rxd4 Qxc2+ 45.Qxc2 Ne3+ 46.Kf2 Nxc2 0-1

[Event "23rd EUR-ch"]
[Site "Vrnjacka Banja SRB"]
[Date "2023.03.12"]
[Round "10.117"]
[White "Levitan, Tal"]
[Black "Kalezic, Blazo"]
[Result "1-0"]
[WhiteElo "2276"]
[BlackElo "2415"]
[EventDate "2023.03.03"]
[PlyCount "59"]

1.e4 e6 2.d4 d5 3.exd5 exd5 4.Nf3 Nc6 5.Bd3 Bd6 6.O-O Nge7 7.Re1 Bg4 8.c3 
Qd7 9.Nbd2 O-O-O 10.b4 Ng6 11.Qa4 Kb8 12.b5 Nce7 13.Ne5 Bxe5 14.dxe5 f6 
15.e6 Bxe6 16.Nb3 Ne5 17.Nc5 Qc8 18.Bf1 Bf5 19.Be3 b6 20.Na6+ Ka8 21.Bd4 
N7g6 22.Rad1 Rhe8 23.c4 dxc4 24.Bxe5 Rxd1 25.Qxd1 Rxe5 26.Bxc4 Bd7 27.Re2 
Rxe2 28.Bxe2 c6 29.Qd6 Kb7 30.Nb4 1-0

[Event "23rd EUR-ch"]
[Site "Vrnjacka Banja SRB"]
[Date "2023.03.12"]
[Round "10.118"]
[White "Stojanovic, Andjelija"]
[Black "Baenziger, Fabian"]
[Result "1/2-1/2"]
[WhiteElo "2262"]
[BlackElo "2413"]
[EventDate "2023.03.03"]
[PlyCount "58"]

1.Nf3 d5 2.g3 Bg4 3.Bg2 Nd7 4.d4 e6 5.O-O c6 6.Nbd2 Ngf6 7.Re1 Be7 8.e4 h6
9.c3 O-O 10.a4 a5 11.h3 Bh5 12.e5 Nh7 13.g4 Bg6 14.Nf1 c5 15.Ng3 cxd4 16.
Nxd4 Nc5 17.f4 Bh4 18.Re3 Bxg3 19.Rxg3 Be4 20.Be3 Qe7 21.Nb5 Bxg2 22.Bxc5 
Qxc5+ 23.Kxg2 f6 24.Qd4 Qxd4 25.Nxd4 fxe5 26.Nxe6 exf4 27.Nxf8 fxg3 28.
Nxh7 Re8 29.Rd1 Re2+ 1/2-1/2

[Event "23rd EUR-ch"]
[Site "Vrnjacka Banja SRB"]
[Date "2023.03.12"]
[Round "10.119"]
[White "Selbes, Tarik"]
[Black "Agdelen, Huseyin Can"]
[Result "0-1"]
[WhiteElo "2255"]
[BlackElo "2411"]
[EventDate "2023.03.03"]
[PlyCount "32"]

1.e4 c5 2.Nf3 d6 3.d4 cxd4 4.Nxd4 Nf6 5.Nc3 a6 6.a4 g6 7.Be2 Bg7 8.O-O O-O
9.a5 Nc6 10.Nxc6 bxc6 11.f4 Qc7 12.Kh1 Rb8 13.Qe1 Nd7 14.Ra3 e6 15.f5 Qd8 
16.Qg3 Nc5 0-1

[Event "23rd EUR-ch"]
[Site "Vrnjacka Banja SRB"]
[Date "2023.03.12"]
[Round "10.120"]
[White "Mitsis, Georgios"]
[Black "Remolar Gallen, Jose"]
[Result "1-0"]
[WhiteElo "2407"]
[BlackElo "2290"]
[EventDate "2023.03.03"]
[PlyCount "85"]

1.d4 Nf6 2.c4 g6 3.Nc3 d5 4.cxd5 Nxd5 5.Bd2 Bg7 6.e4 Nxc3 7.Bxc3 O-O 8.Qd2
Nd7 9.Ne2 e5 10.d5 Qh4 11.Ng3 c6 12.dxc6 bxc6 13.Qc2 Rb8 14.Qa4 Qe7 15.Be2
Nb6 16.Qc2 Be6 17.O-O Qc5 18.Rfc1 Bh6 19.b4 Qe7 20.Rcb1 Bc4 21.a4 Qe6 22.
Bxe5 Qxe5 23.Bxc4 Rfd8 24.Bd3 Qd4 25.Be2 Bf8 26.b5 cxb5 27.Bxb5 Rbc8 28.
Qe2 a5 29.Nf1 Bb4 30.Rd1 Qe5 31.g3 Bc3 32.Rab1 Rd4 33.Rxd4 Qxd4 34.Rd1 Qb4
35.e5 Qb3 36.Rd6 Nc4 37.Rd3 Nb2 38.Re3 Nd1 39.Re4 Bb4 40.Bc4 Qb1 41.Qf3 
Rf8 42.Rf4 Qc1 43.Bb3 1-0

[Event "23rd EUR-ch"]
[Site "Vrnjacka Banja SRB"]
[Date "2023.03.12"]
[Round "10.121"]
[White "Han, Yichen"]
[Black "Kojovic, Dragan"]
[Result "1-0"]
[WhiteElo "2405"]
[BlackElo "2272"]
[EventDate "2023.03.03"]
[PlyCount "57"]

1.e4 c5 2.Nf3 a6 3.c3 e6 4.Be2 d5 5.exd5 exd5 6.d4 Nc6 7.O-O Bd6 8.Bg5 
Nge7 9.c4 f6 10.cxd5 Nxd4 11.Nxd4 cxd4 12.Bh5+ Ng6 13.Re1+ Kf7 14.Qf3 Re8 
15.Nd2 Kg8 16.Rxe8+ Qxe8 17.Nc4 Qe7 18.Nxd6 Qxd6 19.Bd2 Bd7 20.Qb3 a5 21.
Qxb7 Rb8 22.Qa7 Rxb2 23.Qxd4 Rb5 24.Be2 Rc5 25.Rc1 Rxc1+ 26.Bxc1 Be6 27.
Bc4 Ne5 28.dxe6 Nxc4 29.Qxc4 1-0

[Event "23rd EUR-ch"]
[Site "Vrnjacka Banja SRB"]
[Date "2023.03.12"]
[Round "10.122"]
[White "Pap, Misa"]
[Black "Zverev, Lev"]
[Result "1-0"]
[WhiteElo "2403"]
[BlackElo "2267"]
[EventDate "2023.03.03"]
[PlyCount "47"]

1.e4 e5 2.Nf3 Nc6 3.Bc4 Bc5 4.O-O Nf6 5.d4 exd4 6.e5 d5 7.exf6 dxc4 8.fxg7
Rg8 9.Bg5 Be7 10.Bxe7 Nxe7 11.Qxd4 Be6 12.Nc3 Nc6 13.Qf4 Qd6 14.Qh6 Ne5 
15.Rfe1 Nxf3+ 16.gxf3 O-O-O 17.Rad1 Qf8 18.Rxd8+ Kxd8 19.Qg5+ Qe7 20.Qg3 
Qf6 21.Rd1+ Kc8 22.Ne4 Qh6 23.Kf1 f6 24.f4 1-0

[Event "23rd EUR-ch"]
[Site "Vrnjacka Banja SRB"]
[Date "2023.03.12"]
[Round "10.123"]
[White "Garsky, Vladyslav"]
[Black "Pastar, Slaven"]
[Result "1/2-1/2"]
[WhiteElo "2253"]
[BlackElo "2401"]
[EventDate "2023.03.03"]
[PlyCount "81"]

1.e4 e6 2.d4 d5 3.Nd2 c5 4.Ngf3 cxd4 5.Nxd4 Nc6 6.Bb5 Bd7 7.Nxc6 Bxc6 8.
Qe2 Ne7 9.O-O a6 10.Bd3 Ng6 11.f4 dxe4 12.Bxe4 Bxe4 13.Qxe4 Qb6+ 14.Kh1 
Be7 15.Qa4+ Qb5 16.Qxb5+ axb5 17.f5 exf5 18.Nb3 O-O-O 19.Be3 Rd5 20.c3 Re8
21.Nd4 Bc5 22.Nxf5 Bxe3 23.Rae1 Rd3 24.Rf3 Re5 25.Rfxe3 Rexe3 26.Nxe3 Rd2 
27.b4 Rxa2 28.Nf5 Kc7 29.g3 Kc6 30.Nxg7 Kd5 31.Ne8 Kc4 32.Re4+ Kxc3 33.Nd6
Kd3 34.Re1 Rb2 35.Nxb5 Rxb4 36.Nd6 Rb2 37.Rf1 Ne5 38.Rf5 Ng4 39.Rxf7 b5 
40.Nxb5 Rxb5 41.Rxh7 1/2-1/2

[Event "23rd EUR-ch"]
[Site "Vrnjacka Banja SRB"]
[Date "2023.03.12"]
[Round "10.124"]
[White "Ibadov, Dashgyn"]
[Black "Taspinar, Yanki"]
[Result "1/2-1/2"]
[WhiteElo "2398"]
[BlackElo "2262"]
[EventDate "2023.03.03"]
[PlyCount "81"]

1.e4 e5 2.Nf3 Nc6 3.Nc3 Nf6 4.Bb5 Bb4 5.O-O O-O 6.d3 d6 7.Ne2 Ne7 8.c3 Ba5
9.Ng3 c6 10.Ba4 Ng6 11.d4 Re8 12.Bc2 Bc7 13.Re1 h6 14.h3 Be6 15.Be3 Qe7 
16.Nf5 Bxf5 17.exf5 Nf8 18.dxe5 dxe5 19.Nh2 Rad8 20.Qe2 Bb6 21.Rad1 Qc7 
22.Ng4 Nxg4 23.hxg4 Nh7 24.Rxd8 Qxd8 25.Rd1 Qe7 26.Bb3 Bxe3 27.Qxe3 Nf6 
28.Qg3 e4 29.g5 hxg5 30.Qxg5 Rd8 31.Rxd8+ Qxd8 32.Qe3 b6 33.g3 Qd6 34.Qd4 
Qc7 35.Kg2 c5 36.Qc4 Qd7 37.a3 Qb7 38.Bd1 Qd7 39.Bb3 Qb7 40.Qe2 Qc7 41.Qd2
1/2-1/2

[Event "23rd EUR-ch"]
[Site "Vrnjacka Banja SRB"]
[Date "2023.03.12"]
[Round "10.125"]
[White "Zawadzka, Jolanta"]
[Black "Ozsakallioglu, Okan"]
[Result "1-0"]
[WhiteElo "2391"]
[BlackElo "2264"]
[EventDate "2023.03.03"]
[PlyCount "53"]

1.e4 c5 2.Nf3 e6 3.d4 cxd4 4.Nxd4 Nf6 5.Nc3 Nc6 6.a3 Be7 7.Nxc6 bxc6 8.e5 
Nd5 9.Qg4 Kf8 10.Qf3 Qc7 11.Qg3 h5 12.h4 Nxc3 13.Qxc3 d5 14.exd6 Bxd6 15.
Be3 Be5 16.Qc5+ Bd6 17.Qc4 Qa5+ 18.c3 Qd5 19.Qa4 Bb7 20.Be2 Rb8 21.Qxa7 
Kg8 22.Bf3 Qb5 23.a4 Qxb2 24.O-O Ba8 25.Rad1 Bf8 26.Bf4 e5 27.Bxe5 1-0

[Event "23rd EUR-ch"]
[Site "Vrnjacka Banja SRB"]
[Date "2023.03.12"]
[Round "10.126"]
[White "Antic, Dejan"]
[Black "Bouska, Jiri"]
[Result "1-0"]
[WhiteElo "2388"]
[BlackElo "2257"]
[EventDate "2023.03.03"]
[PlyCount "89"]

1.d4 Nf6 2.Nf3 g6 3.g3 Bg7 4.Bg2 O-O 5.O-O d6 6.c4 a6 7.Nc3 Nc6 8.Bf4 Bf5 
9.Rc1 Ne4 10.Nxe4 Bxe4 11.d5 Nb8 12.Qd2 c5 13.Bh6 Nd7 14.Bxg7 Kxg7 15.Qc3+
Kg8 16.h4 Nf6 17.Bh3 Bxf3 18.exf3 b5 19.b3 a5 20.Rcd1 Rb8 21.Rfe1 a4 22.
Re3 axb3 23.axb3 bxc4 24.bxc4 Re8 25.Rde1 Nh5 26.Bg4 Ng7 27.h5 gxh5 28.Bh3
Rb7 29.Re4 e5 30.dxe6 fxe6 31.Bxe6+ Nxe6 32.Rxe6 Rxe6 33.Rxe6 Rg7 34.Qd3 
Rd7 35.Qd5 Kh8 36.Qxh5 Re7 37.Qg5 Rd7 38.Qe3 Kg7 39.g4 Rf7 40.Qh6+ Kg8 41.
Rxd6 Qe7 42.Re6 Qd8 43.Qe3 Rf8 44.Kg2 Kf7 45.Re5 1-0

[Event "23rd EUR-ch"]
[Site "Vrnjacka Banja SRB"]
[Date "2023.03.12"]
[Round "10.127"]
[White "Makridis, Dimitrios"]
[Black "Sredojevic, Ivan"]
[Result "1/2-1/2"]
[WhiteElo "2387"]
[BlackElo "2255"]
[EventDate "2023.03.03"]
[PlyCount "193"]

1.e4 c5 2.Nf3 d6 3.d4 cxd4 4.Nxd4 Nf6 5.Nc3 a6 6.h3 e5 7.Nb3 h5 8.Be3 Be7 
9.Qd2 Be6 10.f4 b5 11.O-O-O Nbd7 12.Bd3 h4 13.Kb1 Rc8 14.fxe5 Nxe5 15.Nd4 
Nc4 16.Bxc4 Rxc4 17.Qd3 O-O 18.Rhg1 Nd7 19.g3 Ne5 20.Qd2 Rxd4 21.Bxd4 Nf3 
22.Qf2 Nxg1 23.Rxg1 g6 24.gxh4 Bxh4 25.Qf4 Kh7 26.Nd5 Bxd5 27.exd5 f5 28.
a3 g5 29.Qf3 Kg6 30.Be3 Kh6 31.Bd4 Qd7 32.Rg2 Re8 33.Bf6 Re1+ 34.Ka2 Re4 
35.b3 a5 36.Qc3 Kg6 37.Bh8 Qf7 38.Qd3 b4 39.a4 Qe7 40.Bb2 Kh6 41.c4 bxc3 
42.Qxc3 Qf8 43.Rc2 f4 44.Ba3 Re8 45.Qd4 f3 46.Bxd6 Qf5 47.Rc6 Kh5 48.Qg7 
Qg6 49.Bf8 Qxg7 50.Bxg7 g4 51.hxg4+ Kxg4 52.Rc4+ Kg3 53.Bd4 Re2+ 54.Kb1 
Be7 55.Rc6 f2 56.Rg6+ Kf3 57.Bxf2 Rxf2 58.d6 Bh4 59.Re6 Rd2 60.Re5 Bd8 61.
Rb5 Rd4 62.Kc2 Ke4 63.b4 axb4 64.Kb3 Rxd6 65.Kxb4 Kd4 66.Rb7 Bg5 67.Kb5 
Rd5+ 68.Ka6 Bd8 69.Rb5 Rd7 70.a5 Kc4 71.Rc5+ Kd4 72.Rc4+ Kd3 73.Rc8 Rd5 
74.Kb7 Bxa5 75.Kc6 Kc4 76.Rg8 Bc3 77.Rg4+ Bd4 78.Rh4 Rf5 79.Kd6 Rf6+ 80.
Ke7 Rg6 81.Kf7 Ra6 82.Rh5 Be3 83.Re5 Kd4 84.Re6 Ra7+ 85.Kf6 Ra5 86.Re8 
Bg5+ 87.Kg6 Bf4 88.Kf6 Be5+ 89.Kf5 Rd5 90.Re6 Rd8 91.Rg6 Kd5 92.Ra6 Rf8+ 
93.Kg6 Rf3 94.Kg5 Bd6 95.Kg4 Rf4+ 96.Kh5 Rf2 97.Kg5 1/2-1/2

[Event "23rd EUR-ch"]
[Site "Vrnjacka Banja SRB"]
[Date "2023.03.12"]
[Round "10.128"]
[White "Pasztor, Balazs"]
[Black "Toktomushev, Teimur"]
[Result "1-0"]
[WhiteElo "2387"]
[BlackElo "2255"]
[EventDate "2023.03.03"]
[PlyCount "77"]

1.e4 c5 2.Nf3 e6 3.d4 cxd4 4.Nxd4 a6 5.Bd3 Bc5 6.Nb3 Ba7 7.Bf4 Ne7 8.Nc3 
O-O 9.Bd6 Qb6 10.Bc5 Qd8 11.Bd6 Qb6 12.Bc5 Qd8 13.Ba3 Nbc6 14.Qd2 d5 15.
exd5 exd5 16.O-O-O Be6 17.f4 Re8 18.Kb1 b5 19.Ne2 Rc8 20.Nc5 Qb6 21.Nxe6 
fxe6 22.b3 Na5 23.Qe1 Nf5 24.Bb2 Nh6 25.Bd4 Qc7 26.Bxa7 Nc4 27.Bd4 Na3+ 
28.Ka1 Nxc2+ 29.Bxc2 Qxc2 30.Qd2 Qg6 31.Rc1 Nf5 32.Rxc8 Rxc8 33.g3 Nd6 34.
Rc1 Rxc1+ 35.Nxc1 Qe4 36.Qe3 Qg6 37.Qe5 Nf5 38.Qb8+ Kf7 39.Nd3 1-0

[Event "23rd EUR-ch"]
[Site "Vrnjacka Banja SRB"]
[Date "2023.03.12"]
[Round "10.129"]
[White "Patrelakis, Evaggelos"]
[Black "Gallana, Marco"]
[Result "0-1"]
[WhiteElo "2387"]
[BlackElo "2250"]
[EventDate "2023.03.03"]
[PlyCount "80"]

1.e4 c5 2.Nf3 Nc6 3.d4 cxd4 4.Nxd4 Nf6 5.Nc3 e5 6.Ndb5 d6 7.Bg5 a6 8.Na3 
b5 9.Bxf6 gxf6 10.Nd5 Bg7 11.Bd3 Ne7 12.Nxe7 Qxe7 13.O-O O-O 14.Qh5 f5 15.
exf5 e4 16.Rae1 d5 17.c3 b4 18.cxb4 Qf6 19.Bb1 Bxf5 20.f3 Qd4+ 21.Kh1 Bg6 
22.Qh3 f5 23.Nc2 Qxb2 24.fxe4 fxe4 25.Ne3 Rxf1+ 26.Rxf1 Qe5 27.Qd7 d4 28.
Nc4 Qb5 29.Qe6+ Kh8 30.a4 Qe8 31.Qb6 d3 32.h3 Qxa4 33.Qb7 Rd8 34.Qb6 Qd7 
35.Qxa6 Qd4 36.Qa5 Re8 37.Nd2 e3 38.Nf3 e2 39.Rg1 Qxg1+ 40.Kxg1 d2 0-1

[Event "23rd EUR-ch"]
[Site "Vrnjacka Banja SRB"]
[Date "2023.03.12"]
[Round "10.130"]
[White "Bethke, Richard"]
[Black "Petrovic, Aleksa"]
[Result "1-0"]
[WhiteElo "2383"]
[BlackElo "2254"]
[EventDate "2023.03.03"]
[PlyCount "91"]

1.e4 g6 2.d4 Bg7 3.Nf3 d6 4.Bc4 Nf6 5.Qe2 O-O 6.e5 dxe5 7.dxe5 Nd5 8.O-O 
Bg4 9.Nbd2 e6 10.h3 Bxf3 11.Nxf3 c6 12.Bb3 Nd7 13.Bg5 Qc7 14.c4 N5b6 15.
Rfe1 a5 16.Rad1 Rfe8 17.Bc2 a4 18.Bd2 c5 19.Bc3 Nb8 20.Rd6 Nc6 21.Red1 Bf8
22.Ng5 Bxd6 23.exd6 Qd8 24.Qe3 e5 25.Qxc5 Rc8 26.Ne4 Nd4 27.Bxd4 Rxc5 28.
Bxc5 Nd7 29.Bxa4 Re6 30.Be3 f5 31.Bg5 Qc8 32.Bxd7 Qxd7 33.Nf6+ Rxf6 34.
Bxf6 e4 35.Bg5 Kg7 36.h4 Kf7 37.Rd2 Ke6 38.b4 Ke5 39.g3 e3 40.Bxe3 Ke4 41.
Rd4+ Ke5 42.c5 h6 43.b5 f4 44.c6 fxe3 45.cxd7 e2 46.f4+ 1-0

[Event "23rd EUR-ch"]
[Site "Vrnjacka Banja SRB"]
[Date "2023.03.12"]
[Round "10.131"]
[White "Djokic, Mihailo"]
[Black "Stremavicius, Pijus"]
[Result "0-1"]
[WhiteElo "2227"]
[BlackElo "2383"]
[EventDate "2023.03.03"]
[PlyCount "36"]

1.e4 c6 2.d4 d5 3.e5 Bf5 4.h4 h5 5.Bd3 Bxd3 6.Qxd3 e6 7.Bg5 Be7 8.Nf3 Nh6 
9.Nbd2 Nf5 10.c4 Nd7 11.Bxe7 Qxe7 12.cxd5 cxd5 13.Rc1 O-O 14.g3 Rac8 15.
O-O Qb4 16.Qb3 Qxb3 17.Nxb3 Rc4 18.Rxc4 dxc4 0-1

[Event "23rd EUR-ch"]
[Site "Vrnjacka Banja SRB"]
[Date "2023.03.12"]
[Round "10.132"]
[White "Barseghian, Armen Ar."]
[Black "Krzywda, Andrzej"]
[Result "1-0"]
[WhiteElo "2382"]
[BlackElo "2235"]
[EventDate "2023.03.03"]
[PlyCount "109"]

1.d4 d5 2.c4 dxc4 3.Nf3 Nf6 4.e3 e6 5.Bxc4 c5 6.O-O Nc6 7.a3 a6 8.dxc5 
Qxd1 9.Rxd1 Bxc5 10.Nbd2 O-O 11.b4 Be7 12.Nb3 Rd8 13.Rxd8+ Nxd8 14.Bb2 Bd7
15.Ne5 Be8 16.Be2 Rc8 17.Bf3 Nd7 18.Nd3 f6 19.Rd1 e5 20.Bg4 Rc7 21.f4 Bf7 
22.Nbc5 Nxc5 23.Nxc5 exf4 24.exf4 Bxc5+ 25.bxc5 Ne6 26.f5 Nf8 27.Rd8 Rd7 
28.Rc8 Bd5 29.Bc1 Kf7 30.Bf4 Re7 31.Bd6 Re8 32.Rc7+ Kg8 33.Bf3 Bxf3 34.
gxf3 g6 35.Rxb7 Rc8 36.Bxf8 Kxf8 37.Rxh7 Rxc5 38.fxg6 Rg5+ 39.Kf2 Rxg6 40.
Ra7 f5 41.Ke3 Rc6 42.Kf4 Rc4+ 43.Kxf5 Ra4 44.f4 Rxa3 45.Kf6 Kg8 46.Kg6 Kf8
47.f5 Ra2 48.Ra8+ Ke7 49.f6+ Ke6 50.Re8+ Kd5 51.f7 Rg2+ 52.Kf6 Rxh2 53.
Re5+ Kc4 54.f8=Q Rf2+ 55.Rf5 1-0

[Event "23rd EUR-ch"]
[Site "Vrnjacka Banja SRB"]
[Date "2023.03.12"]
[Round "10.133"]
[White "Pajcin, Lav"]
[Black "Megalios, Konstantinos"]
[Result "1/2-1/2"]
[WhiteElo "2221"]
[BlackElo "2382"]
[EventDate "2023.03.03"]
[PlyCount "34"]

1.e4 c6 2.Nf3 d5 3.Nc3 dxe4 4.Nxe4 Nf6 5.Qe2 Nxe4 6.Qxe4 Nd7 7.Bc4 Nf6 8.
Ne5 e6 9.Qe2 Bd6 10.O-O Qc7 11.f4 b5 12.Bd3 Nd5 13.Be4 Nxf4 14.Rxf4 Bxe5 
15.Bxc6+ Qxc6 16.Qxe5 Bb7 17.Qxg7 O-O-O 1/2-1/2

[Event "23rd EUR-ch"]
[Site "Vrnjacka Banja SRB"]
[Date "2023.03.12"]
[Round "10.134"]
[White "Tifferet, Shaked"]
[Black "Garrido Outon, Alex"]
[Result "1-0"]
[WhiteElo "2219"]
[BlackElo "2380"]
[EventDate "2023.03.03"]
[PlyCount "55"]

1.Nf3 Nf6 2.g3 d5 3.Bg2 e6 4.O-O Be7 5.d4 O-O 6.c4 c6 7.Nbd2 b6 8.Qc2 Bb7 
9.e4 Na6 10.e5 Nd7 11.cxd5 Nb4 12.Qb3 Nxd5 13.Ne4 h6 14.g4 c5 15.g5 Nb4 
16.gxh6 Bxe4 17.hxg7 Kxg7 18.Qe3 Bg6 19.Qh6+ Kg8 20.Ng5 Re8 21.Nxe6 Bf8 
22.Nxf8 Nxf8 23.Bg5 f6 24.Bxf6 Qd7 25.Qh8+ Kf7 26.Qg7+ Ke6 27.Bh3+ Bf5 28.
Qg8+ 1-0

[Event "23rd EUR-ch"]
[Site "Vrnjacka Banja SRB"]
[Date "2023.03.12"]
[Round "10.135"]
[White "Leisch, Lukas"]
[Black "Nadj Hedjesi, Balind"]
[Result "1-0"]
[WhiteElo "2378"]
[BlackElo "2223"]
[EventDate "2023.03.03"]
[PlyCount "111"]

1.e4 c5 2.Nf3 d6 3.Bb5+ Nd7 4.O-O a6 5.Bd3 g6 6.c3 Bg7 7.Bc2 e5 8.d4 exd4 
9.cxd4 Ne7 10.Nc3 O-O 11.Bg5 h6 12.Be3 cxd4 13.Nxd4 d5 14.Qc1 dxe4 15.Rd1 
Kh7 16.Bxe4 Qe8 17.h3 Ne5 18.Nd5 Nxd5 19.Bxd5 Qe7 20.Nb3 Re8 21.Bc5 Qf6 
22.Bd4 Qf5 23.Qc7 Be6 24.Bxe6 Rxe6 25.Qxb7 Rd8 26.Bc3 Rxd1+ 27.Rxd1 Nd3 
28.Rf1 Bxc3 29.bxc3 Qf6 30.Nd4 Rb6 31.Qe4 Nf4 32.Rb1 Rxb1+ 33.Qxb1 Qg5 34.
Qb7 Nxh3+ 35.Kh2 Nf4 36.Qxf7+ Kh8 37.Qe8+ Kh7 38.Qd7+ Kh8 39.Qc8+ Kh7 40.
Qb7+ Kg8 41.Qa8+ Kh7 42.Qf3 Kg8 43.Kg1 h5 44.g3 Nd5 45.Ne6 Qf5 46.Qxf5 
gxf5 47.c4 Nb4 48.a4 Kf7 49.Nf4 a5 50.Kf1 Ke7 51.Ke2 Kd6 52.Nd3 Nxd3 53.
Kxd3 Kc5 54.f4 Kb4 55.Kd4 Kxa4 56.Kc3 1-0

[Event "23rd EUR-ch"]
[Site "Vrnjacka Banja SRB"]
[Date "2023.03.12"]
[Round "10.136"]
[White "Mitrovic, Marjan"]
[Black "Suarez Uriel, Adrian"]
[Result "1-0"]
[WhiteElo "2208"]
[BlackElo "2370"]
[EventDate "2023.03.03"]
[PlyCount "39"]

1.d4 Nf6 2.Nf3 g6 3.c4 Bg7 4.g3 b6 5.Nc3 Bb7 6.d5 e6 7.Bg2 O-O 8.O-O exd5 
9.cxd5 Re8 10.Nd4 Na6 11.Re1 Nc5 12.e4 Nxd5 13.exd5 Rxe1+ 14.Qxe1 Bxd4 15.
Nb5 Bg7 16.h4 a6 17.Nc3 Qf8 18.Be3 Re8 19.Qd2 Qd6 20.Rc1 1-0

[Event "23rd EUR-ch"]
[Site "Vrnjacka Banja SRB"]
[Date "2023.03.12"]
[Round "10.138"]
[White "Carbonell Sancho, Marc"]
[Black "Ahmad, Khagan"]
[Result "1-0"]
[WhiteElo "2364"]
[BlackElo "2220"]
[EventDate "2023.03.03"]
[PlyCount "111"]

1.e4 c5 2.Nf3 d6 3.d4 cxd4 4.Nxd4 Nf6 5.Nc3 a6 6.Bg5 e6 7.f4 Be7 8.Qf3 Qc7
9.O-O-O Nbd7 10.Bd3 b5 11.Rhe1 Bb7 12.Qg3 b4 13.Nd5 exd5 14.exd5 Kd8 15.
Bh4 Bxd5 16.Rxe7 Kxe7 17.Nf5+ Kd8 18.Qxg7 Re8 19.Bxf6+ Nxf6 20.Qxf6+ Kd7 
21.Bb5+ axb5 22.Rxd5 Kc6 23.Rxd6+ Kb7 24.Qd4 Rad8 25.Qd5+ Ka7 26.Nd4 Rxd6 
27.Nxb5+ Kb6 28.Nxd6 Rd8 29.Qb5+ Ka7 30.Qa4+ Kb6 31.Qxb4+ Kc6 32.Nf5 Qa7 
33.Qe4+ Kc7 34.Qc4+ Kb8 35.Qb4+ Ka8 36.Qe4+ Kb8 37.Qe3 Qxa2 38.Qb6+ Kc8 
39.Qc6+ Kb8 40.Qb6+ Kc8 41.Nd6+ Kd7 42.Nb7 Ra8 43.Nc5+ Ke8 44.Qc6+ Kf8 45.
Nd3 Re8 46.Qc5+ Kg8 47.Qg5+ Kh8 48.Kd2 Qa7 49.f5 Qd4 50.g3 Qg1 51.Qf6+ Kg8
52.Qg5+ Kh8 53.b4 Qxh2+ 54.Kc3 Qg1 55.Qf6+ Kg8 56.Qg5+ 1-0

[Event "23rd EUR-ch"]
[Site "Vrnjacka Banja SRB"]
[Date "2023.03.12"]
[Round "10.139"]
[White "Ozdemir, Serhan Berat"]
[Black "Roebers, Eline"]
[Result "0-1"]
[WhiteElo "2200"]
[BlackElo "2362"]
[EventDate "2023.03.03"]
[PlyCount "58"]

1.e4 e6 2.d4 d5 3.Nd2 c5 4.exd5 Qxd5 5.Ngf3 cxd4 6.Bc4 Qd7 7.O-O Nc6 8.Nb3
a6 9.Nbxd4 Nxd4 10.Nxd4 Qc7 11.Bb3 Bd6 12.Re1 Bxh2+ 13.Kh1 Nf6 14.Nf5 O-O 
15.Nxg7 Rd8 16.Qf3 Kxg7 17.Bh6+ Kg6 18.c3 Nh5 19.Re4 Kxh6 20.Rh4 Qe5 21.
Bd1 Rxd1+ 22.Rxd1 Bf4 23.g3 Qg5 24.Kg2 Qxh4 25.gxh4 e5 26.Rd6+ f6 27.Qd5 
Bf5 28.Qf7 Rg8+ 29.Kf1 e4 0-1

[Event "23rd EUR-ch"]
[Site "Vrnjacka Banja SRB"]
[Date "2023.03.12"]
[Round "10.140"]
[White "Maksimovic, Branimir"]
[Black "Szwed, Jacek"]
[Result "1/2-1/2"]
[WhiteElo "2128"]
[BlackElo "2361"]
[EventDate "2023.03.03"]
[PlyCount "47"]

1.e4 e6 2.d4 d5 3.Nc3 Nf6 4.e5 Nfd7 5.f4 c5 6.Nf3 Nc6 7.Be3 Be7 8.dxc5 O-O
9.Bd3 Nb4 10.Be2 Bxc5 11.Bxc5 Nxc5 12.a3 Nc6 13.b4 Nd7 14.Bd3 f6 15.b5 Na5
16.O-O fxe5 17.fxe5 Qb6+ 18.Kh1 Qe3 19.Qe2 Qxe2 20.Nxe2 h6 21.Ned4 Nc5 22.
Nh4 g5 23.Ng6 Rxf1+ 24.Rxf1 1/2-1/2

[Event "23rd EUR-ch"]
[Site "Vrnjacka Banja SRB"]
[Date "2023.03.12"]
[Round "10.141"]
[White "Samani, Yamac"]
[Black "Gajcin, Marina"]
[Result "1-0"]
[WhiteElo "2357"]
[BlackElo "2215"]
[EventDate "2023.03.03"]
[PlyCount "52"]

1.c4 Nf6 2.Nc3 d5 3.cxd5 Nxd5 4.Nf3 c5 5.e4 Nxc3 6.bxc3 e6 7.Bc4 Be7 8.O-O
Qc7 9.Qe2 a6 10.a4 Nc6 11.d4 O-O 12.Be3 e5 13.dxc5 Na5 14.Bd5 Bg4 15.h3 
Bxf3 16.Qxf3 Bxc5 17.Bxc5 Qxc5 18.Rfd1 Rac8 19.Rd3 Rc7 20.Qg4 Kh8 21.Rad1 
Qe7 22.Ba2 h6 23.Rd7 Rxd7 24.Rxd7 Qf6 25.Qd1 Qf4 26.g3 Qf6 1-0

[Event "23rd EUR-ch"]
[Site "Vrnjacka Banja SRB"]
[Date "2023.03.12"]
[Round "10.142"]
[White "Stanojevic, Ilija"]
[Black "Danov, Liubomir"]
[Result "0-1"]
[WhiteElo "2096"]
[BlackElo "2349"]
[EventDate "2023.03.03"]
[PlyCount "54"]

1.d4 d5 2.c4 e6 3.Nf3 c6 4.g3 f5 5.Bg2 Nf6 6.O-O Bd6 7.b3 Qe7 8.Bb2 O-O 9.
Qc1 b6 10.Ba3 Nbd7 11.Bxd6 Qxd6 12.Qa3 Qxa3 13.Nxa3 Ba6 14.Rac1 Ne4 15.
Rfd1 Rac8 16.Ne1 b5 17.f3 Nd6 18.c5 Nf7 19.Nac2 e5 20.e4 fxe4 21.fxe4 dxe4
22.Nb4 Bb7 23.Bh3 Rcd8 24.d5 Nb8 25.Be6 a5 26.dxc6 Nxc6 27.Nxc6 Bxc6 0-1